000 01161nam a22004217a 4500
005 20251212114659.0
008 160118b2014 xxu||||| |||| 00| 0 spa d
020 _a9788560842306
041 _aESP
082 _a617.69 A473c
100 _aAlvarenga de Oliveira, Alberto
_91181
245 _aComprender, planificar y ejecutar: el universo estético de las restauraciones en cerámica
260 _aVenezuela
260 _bAmolca
260 _c2014
300 _a543 páginas
300 _bIlustraciones a color
490 _aMecánica Dental
650 _aODONTOLOGÍA ESTÉTICA
650 _aRESTAURACIONES EN CERÁMICA
650 _aCERÁMICA
650 _aCERÁMICAS FELDEPATICAS
650 _aCERÁMICAS ALUMINIZADAS
650 _aZIRCONIO
650 _aMATERIALES CERÁMICOS
650 _aCOLOR
650 _aTRANSMISIÓN DE LA LUZ
650 _aCAD/CAN
650 _aRESINA
650 _aCARILLAS DE CERÁMICA
650 _aCARILLAS DE CERÁMICA
650 _aCORONAS TOTALES
650 _aMODELO DE TRABAJO
650 _aPRUEBA CLÍNICA
650 _aCEMENTADO
650 _aAPARIENCIA
942 _cBK
_2ddc
999 _c7390
_d7390